000 00783nas a2200253 4500
001 BR9211907
003 BR-BrBNA
005 20231205093540.0
007 ta
008 230509b bl.|||p| |||| 00| 00por d
040 _aBR-BrBNA
_bpor
_cBiblioteca Nacional de Agricultura
041 _a(Pt)
072 _aF30
100 1 _aPaim, N.R.
100 1 _aRiboldi, J.
245 1 _aComparacao entre especies e cultivares do genero Lotus
246 1 _aComparison between species and cultivars in the genus Lotus
650 _aCORNICHAO
650 _aVARIEDADE
650 _aCOBERTURA SECA
773 0 _tPesquisa Agropecuaria Brasileira (Brazil)
_xISSN 0100-204X
_g(Oct 1991), v. 26(10) p. 1699-1704
_wBR9211907
909 _a202311
_bLúcia
_c55
_dLúcia Elande
942 _2AGRIS
_n0
_cANA
999 _c139104
_d139104